Canada and Newfoundland Stampless Cover Catalog (first Ed. 1946) (Record no. 2987)

000 -LEADER
fixed length control field 00462nam a22001097a 4500
008 - FIXED-LENGTH DATA ELEMENTS--GENERAL INFORMATION
fixed length control field 190413b ||||| |||| 00| 0 eng d
100 ## - MAIN ENTRY--AUTHOR'S NAME
Author's Name Konwiser, Harry
245 ## - TITLE STATEMENT
Title Canada and Newfoundland Stampless Cover Catalog (first Ed. 1946)
260 ## - PUBLICATION, DISTRIBUTION, ETC. (IMPRINT)
Place of publication, distribution, etc. Verona, NJ
Name of publisher, distributor, etc. Stephen Rich
Date of publication, distribution, etc. 1946
650 ## - TOPICAL TERM (Tag)
Topical term or geographic name Canada | Canada -- Newfoundland (-2001) | Pre-adhesive Covers | Catalogs and Price Lists | Postal Markings | Postal History | British North America
700 ## - SECONDARY AUTHOR, EDITOR OR ILLUSTRATOR
Personal Name Campbell, Frank
Holdings
Withdrawn status Lost status Source of classification or shelving scheme Damaged status Koha normalized classification for sorting Not for loan Permanent Location Current Location Shelving location Date acquired Total Checkouts Full call number Barcode Date last seen Copy number Price effective from Koha item type
        G3401 P857 K82   Northern Philatelic Library Northern Philatelic Library General Stacks 04/13/2019   G3401 P857 K82 1005395 04/13/2019 1 04/13/2019 Books

Powered by Koha